Strojárske tabuľky výber noriem

Bibliographic Details
Main Authors: Bajla, Jozef, 1946- (Author), Barysz, Igor (Author), Bronček, Jozef, 1961- (Author), Čilík, Ladislav (Author), Kacko, Peter (Author), Klimo, Vladimír, 1940- (Author), Ľahučký, Dušan (Author), Rusnák, Juraj, 1960- (Author), Veselovský, Ján (Author)
Format: Book
Language:Slovak
PhysicalDescription:451 s. tab., nákresy 29 cm
Published: Bratislava Slovenský ústav technickej normalizácie 2004
ISBN:8088971187
Edition:[1. vyd.]
Subjects:

MARC

LEADER 00000nam a2200000 a 4500
001 vtls001484059
003 SK-MaSNL
005 20260301203932.0
008 240313s2004 xo dl f 000 0 slo
015 |a SNBA2005/03-00815 
020 |a 8088971187  |q (brož.)  |c 500,00 Sk 
035 |a SNK000439353 
035 |a urn:nbn:sk:snk-am3h7ii 
035 |a 8D305549-18AD-4C4B-A2BA-CC73996B1F23 
035 |a urn:nbn:sk:snk-am00cms7 
040 |a SNK  |b slo  |c SNK  |e AACR2 
041 0 |a slo 
044 |a xo  |c SK 
072 7 |a 621  |x Strojárstvo  |2 konspekt 
080 |a 006.7/.8  |2 MDT-MRF 
080 |a (083.4)  |2 MDT-MRF 
080 |a (035)  |2 MDT-MRF 
080 |a 621.8  |2 MDT-MRF 
080 |a 62-1/-9  |2 MDT-MRF 
080 |a 62  |2 UNESCO 
100 1 |a Bajla, Jozef,  |d 1946-  |4 aut  |9 93077 
245 1 0 |a Strojárske tabuľky  |b výber noriem  |c Jozef Bajla a kolektív 
250 |a [1. vyd.] 
260 |a Bratislava  |b Slovenský ústav technickej normalizácie  |c 2004 
300 |a 451 s.  |b tab., nákresy  |c 29 cm 
546 |a Nepredajné 
650 0 7 |a strojárstvo  |2 SNKPH  |9 674 
650 0 7 |a stroje  |2 SNKPH  |9 3551 
650 0 7 |a technické normy a štandardy  |2 SNKPH  |9 69944 
655 7 |a tabuľky  |2 SNKPH  |9 70234 
655 7 |a príručky  |2 SNKPH  |9 74364 
700 1 |a Bajla, Jozef,  |d 1946-  |4 aut  |9 93077 
700 1 |a Barysz, Igor  |4 aut  |9 378868 
700 1 |a Bronček, Jozef,  |d 1961-  |4 aut  |9 193563 
700 1 |a Čilík, Ladislav  |4 aut  |9 297476 
700 1 |a Kacko, Peter  |4 aut  |9 543761 
700 1 |a Klimo, Vladimír,  |d 1940-  |4 aut  |9 101183 
700 1 |a Ľahučký, Dušan  |4 aut  |9 588069 
700 1 |a Rusnák, Juraj,  |d 1960-  |4 aut  |9 143302 
700 1 |a Veselovský, Ján  |4 aut  |9 5063 
919 |a 80-88971-18-7 
999 |c 904513  |d 906443 
952 |t P60, <03>, [BOOK], {603}, -K-  |a SNK  |b SNK  |y PREZ  |7 0  |p 17A0449480  |o snkSB 69452  |i snkKSP 13742/2004  |0 0  |1 0  |4 0  |d 2004-10-25  |f 1  |l 0  |r 2025-04-23 00:00:00  |w 2026-02-24 
952 |t P60, <04>, [BOOK], {604}  |a SNK  |b SNK  |y VYP  |7 0  |p 17A0449479  |o snkSB 69452 D1  |i snkKSP 13743/2004  |0 0  |1 0  |4 0  |d 2004-10-25  |l 0  |r 2005-01-02 00:00:00  |w 2026-02-24